Corporate Finance (Record no. 5463)

MARC details
005 - DATE AND TIME OF LATEST TRANSACTION
control field 20250626171021.0
020 ## - INTERNATIONAL STANDARD BOOK NUMBER
International Standard Book Number 9780536537119
082 ## - DEWEY DECIMAL CLASSIFICATION NUMBER
Classification number 658.15 CFA
111 ## - MAIN ENTRY--MEETING NAME
Meeting name or jurisdiction name as entry element CFA
245 ## - TITLE STATEMENT
Title Corporate Finance
260 ## - PUBLICATION, DISTRIBUTION, ETC.
Place of publication, distribution, etc. New York,
Name of publisher, distributor, etc. Pearson,
Date of publication, distribution, etc. 2009.
300 ## - PHYSICAL DESCRIPTION
Extent xi, 284p.; figure
Dimensions 25cm
942 ## - ADDED ENTRY ELEMENTS (KOHA)
Source of classification or shelving scheme Dewey Decimal Classification
Koha item type Books
Holdings
Date last seen Total checkouts Full call number Barcode Cost, replacement price Price effective from Koha item type Lost status Source of classification or shelving scheme Damaged status Not for loan Withdrawn status Home library Current library Shelving location Date acquired Cost, normal purchase price
06/26/2025   658.15 CFA DOM000603 180000.00 06/26/2025 Books   Dewey Decimal Classification       CBE Dodoma CBE Dodoma General Collection 06/01/2019 60000.00